LOTO 2 (trouvez les bons n° selon un indice) - Statistiques

Statistiques générales
  • Ce quiz a été pris 121 fois
  • Le résultat moyen est 4 sur 5
Statistiques - réponses
Hint Réponse % Correct
nombre de petits cochons 3
100%
toujours à boire avec modération, même si le chiffre de ce département correspond à l'anagramme de : anisé 2
86%
2 oeufs, 1... 9
84%
quand on se met sur lui, cela veut dire aussi que l'on est tirée à 4 épingles 31
72%
à boire avec modération 20
66%
Aucun quiz correspondant
Distribution des résultats
% des personnes avec chaque résultat
Percentile par nombre de réponses
Votre historique - résultats
Vous n’avez pas pris ce quiz